[Event "Verbandsliga Suedbaden 1617"]
[Site "Baden"]
[Date "2016.12.11"]
[Round "4.6"]
[White "Bittner, Thomas"]
[Black "Wimmer, Olivier"]
[Result "1-0"]
[WhiteElo "2155"]
[BlackElo "2103"]
[PlyCount "55"]
[EventDate "2016.10.09"]
[EventType "team-tourn"]
[EventRounds "9"]
[EventCountry "GER"]
[SourceTitle "EXT 2022"]
[Source "ChessBase"]
[SourceDate "2021.10.06"]
[SourceVersion "1"]
[SourceVersionDate "2021.10.06"]
[SourceQuality "1"]
[WhiteTeam "Baden Baden IV"]
[BlackTeam "Lahr"]
[WhiteTeamCountry "GER"]
[BlackTeamCountry "GER"]

1. e4 d6 2. d4 Nf6 3. Nc3 Nbd7 4. f4 e5 5. Nf3 exd4 6. Qxd4 c6 7. Be3 Be7 8. 0-0-0 0-0 9. e5 Ne8 10. Ne4 d5 11. Ng3 f6 12. c4 fxe5 13. fxe5 Nb6 14. cxd5 cxd5 15. Kb1 Be6 16. Bd3 Rc8 17. Rc1 Nc7 18. h4 Nc4 19. Bg5 Nb5 20. Qg1 h6 21. Bxe7 Qxe7 22. Bxc4 dxc4 23. Ne2 c3 24. Nxc3 Nxc3+ 25. bxc3 Qa3 26. Qf2 Rxc3 27. Qb2 Bxa2+ 28. Qxa2+ 1-0

[Event "Basel op"]
[Site "Basel"]
[Date "2015.01.04"]
[Round "5"]
[White "Martin, Julian"]
[Black "Wimmer, Olivier"]
[Result "1-0"]
[WhiteElo "2162"]
[BlackElo "2081"]
[PlyCount "69"]
[EventDate "2015.01.01"]
[EventType "swiss"]
[EventRounds "7"]
[EventCountry "SUI"]
[SourceTitle "CBM 164 Extra"]
[Source "ChessBase"]
[SourceDate "2015.03.02"]
[SourceVersion "1"]
[SourceVersionDate "2015.03.02"]
[SourceQuality "1"]

1. e4 d6 2. d4 Nf6 3. Nc3 Nbd7 4. Nf3 e5 5. Bc4 Be7 6. 0-0 0-0 7. h3 c6 8. a4 b6 9. d5 Bb7 10. Re1 Nc5 11. b4 cxd5 12. Bxd5 Bxd5 13. exd5 Ncd7 14. Be3 Rc8 15. Nb5 Ra8 16. c4 a6 17. Nc3 a5 18. Qb3 Ne8 19. Nb5 axb4 20. Qxb4 f5 21. Ra3 f4 22. Bd2 Nc5 23. a5 bxa5 24. Rxa5 Nd3 25. Qa3 Rxa5 26. Bxa5 Qa8 27. Qxd3 Qxa5 28. Nbd4 Bf6 29. Ne6 Rf7 30. Rb1 Qa7 31. Nfg5 Bxg5 32. Nxg5 Rf6 33. Qxh7+ Kf8 34. Ne6+ Kf7 35. Rb7+ 1-0

[Event "Verbandsliga Sued Baden 1314"]
[Site "Germany"]
[Date "2014.03.23"]
[Round "8.5"]
[White "Wimmer, Olivier"]
[Black "Kiefer, Gerhard"]
[Result "0-1"]
[WhiteElo "2044"]
[BlackElo "2252"]
[PlyCount "68"]
[EventDate "2013.10.20"]
[EventType "team-tourn"]
[EventRounds "9"]
[EventCountry "GER"]
[SourceTitle "EXT 2015"]
[Source "ChessBase"]
[SourceDate "2014.11.20"]
[SourceVersion "1"]
[SourceVersionDate "2014.11.20"]
[SourceQuality "1"]
[WhiteTeam "Lahr"]
[BlackTeam "Emmendingen"]
[WhiteTeamCountry "GER"]
[BlackTeamCountry "GER"]

1. d4 Nf6 2. Nf3 e6 3. g3 c5 4. Bg2 cxd4 5. Nxd4 d5 6. 0-0 e5 7. Nb3 Nc6 8. Bg5 Be6 9. Nc3 d4 10. Ne4 Be7 11. Nbc5 Bc8 12. c3 Nxe4 13. Bxe7 Qxe7 14. Nxe4 0-0 15. cxd4 exd4 16. Re1 Bf5 17. Nd2 Nb4 18. e4 Be6 19. Nb3 d3 20. Nd4 Rfd8 21. Nxe6 Qxe6 22. Rf1 Nc2 23. Rb1 Qxa2 24. e5 Qb3 25. Qd2 Rac8 26. Be4 Nd4 27. Kh1 Ne6 28. Rfc1 Rxc1+ 29. Rxc1 g6 30. f4 Rd4 31. Bg2 Rc4 32. Bf3 Rxc1+ 33. Qxc1 d2 34. Qd1 Qxb2 0-1

[Event "Basel op"]
[Site "Basel"]
[Date "2014.01.03"]
[Round "4"]
[White "Wimmer, Olivier"]
[Black "O'Donnell, Conor"]
[Result "1-0"]
[WhiteElo "2023"]
[BlackElo "2112"]
[PlyCount "109"]
[EventDate "2014.01.01"]
[EventType "swiss"]
[EventRounds "7"]
[EventCountry "SUI"]
[SourceTitle "CBM 158 Extra"]
[Source "ChessBase"]
[SourceDate "2014.02.28"]
[SourceVersion "1"]
[SourceVersionDate "2014.02.28"]
[SourceQuality "1"]

1. d4 d5 2. Nf3 c6 3. g3 Nf6 4. Bg2 Bf5 5. 0-0 e6 6. c4 Nbd7 7. b3 h6 8. Bb2 Be7 9. Nc3 0-0 10. Re1 Qb6 11. c5 Qc7 12. b4 Ne4 13. Nd2 Nxd2 14. Qxd2 Nf6 15. a4 b6 16. Ba3 bxc5 17. dxc5 Rad8 18. b5 Nd7 19. bxc6 Qxc6 20. e4 dxe4 21. Nxe4 Nxc5 22. Qe3 Bxe4 23. Bxe4 Qc7 24. Rec1 Rc8 25. Rc4 f5 26. Bg2 f4 27. gxf4 Bd6 28. Rac1 Bxf4 29. Rxf4 Qxf4 30. Bxc5 Qxe3 31. Bxe3 Rxc1+ 32. Bxc1 Rd8 33. Bf3 Rd4 34. a5 Ra4 35. Bd2 Ra2 36. Be1 Kf7 37. Bb7 Ra1 38. Kf1 e5 39. a6 Ke6 40. Ke2 Kd6 41. Bd2 Kc7 42. Be3 Kb8 43. Bc5 Ra2+ 44. Ke3 Kc7 45. Bxa7 Ra4 46. Bc5 g5 47. Kd3 h5 48. Kc3 g4 49. Kb3 Ra1 50. Kc4 e4 51. Kb5 Rb1+ 52. Bb4 e3 53. fxe3 Rb2 54. Bd5 Kb8 55. Ka5 1-0

[Event "Basel op"]
[Site "Basel"]
[Date "2014.01.01"]
[Round "1"]
[White "Yankelevich, Lev"]
[Black "Wimmer, Olivier"]
[Result "1-0"]
[WhiteElo "2250"]
[BlackElo "2023"]
[PlyCount "73"]
[EventDate "2014.01.01"]
[EventType "swiss"]
[EventRounds "7"]
[EventCountry "SUI"]
[SourceTitle "CBM 158 Extra"]
[Source "ChessBase"]
[SourceDate "2014.02.28"]
[SourceVersion "1"]
[SourceVersionDate "2014.02.28"]
[SourceQuality "1"]

1. e4 d6 2. d4 Nf6 3. Bd3 Nbd7 4. c3 e5 5. Nf3 Be7 6. 0-0 0-0 7. Re1 c6 8. Nbd2 Re8 9. Nf1 Qc7 10. Ng3 g6 11. h3 Nf8 12. b3 Ne6 13. Bb2 Nf4 14. Bf1 N6h5 15. Nxh5 Nxh5 16. c4 f6 17. c5 exd4 18. Bc4+ Kg7 19. cxd6 Bxd6 20. Qxd4 Be5 21. Nxe5 fxe5 22. Qe3 Nf6 23. f4 exf4 24. Qc3 Qe7 25. e5 Nd5 26. Bxd5 cxd5 27. e6+ Kh6 28. Re5 Bxe6 29. Qd4 Qf7 30. Rf1 Rf8 31. Bc1 g5 32. h4 Bf5 33. hxg5+ Kg6 34. Rxf4 Qc7 35. Be3 Qa5 36. Rxd5 Qe1+ 37. Rf1 1-0

[Event "Verbandsliga Sued Baden 1112"]
[Site "Germany"]
[Date "2011.11.06"]
[Round "2.7"]
[White "Wimmer, Olivier"]
[Black "Schetty, Robert"]
[Result "1/2-1/2"]
[WhiteElo "2110"]
[BlackElo "2039"]
[PlyCount "48"]
[EventDate "2011.10.09"]
[EventType "team-tourn"]
[EventRounds "9"]
[EventCountry "GER"]
[SourceTitle "EXT 2013"]
[Source "ChessBase"]
[SourceDate "2012.11.22"]
[SourceVersion "1"]
[SourceVersionDate "2012.11.22"]
[SourceQuality "1"]
[WhiteTeam "Lahr"]
[BlackTeam "Engen"]
[WhiteTeamCountry "GER"]
[BlackTeamCountry "GER"]

1. d4 d5 2. Nf3 Nf6 3. g3 c6 4. Bg2 Bf5 5. 0-0 e6 6. c4 Nbd7 7. Qb3 Qb6 8. Nc3 Qxb3 9. axb3 Bc2 10. Nd2 Bb4 11. f3 0-0 12. Ncb1 e5 13. dxe5 Nxe5 14. Na3 Bg6 15. h3 Bc5+ 16. Kh2 Rfe8 17. f4 Neg4+ 18. hxg4 Nxg4+ 19. Kh1 Rxe2 20. f5 Bh5 21. Nf3 Rae8 22. cxd5 cxd5 23. Nb5 Nf2+ 24. Kh2 Ng4+ 1/2-1/2

[Event "Verbandsliga Sued Baden 1112"]
[Site "Germany"]
[Date "2011.10.09"]
[Round "1.7"]
[White "Bengsch, Bertram"]
[Black "Wimmer, Olivier"]
[Result "0-1"]
[WhiteElo "2049"]
[BlackElo "2110"]
[PlyCount "84"]
[EventDate "2011.10.09"]
[EventType "team-tourn"]
[EventRounds "9"]
[EventCountry "GER"]
[SourceTitle "EXT 2013"]
[Source "ChessBase"]
[SourceDate "2012.11.22"]
[SourceVersion "1"]
[SourceVersionDate "2012.11.22"]
[SourceQuality "1"]
[WhiteTeam "Horben"]
[BlackTeam "Lahr"]
[WhiteTeamCountry "GER"]
[BlackTeamCountry "GER"]

1. e4 d6 2. d4 Nf6 3. Nc3 Nbd7 4. Be3 e5 5. Be2 Be7 6. Qd2 c6 7. h3 0-0 8. g4 b5 9. a3 Nb6 10. Nf3 Nfd7 11. d5 cxd5 12. Nxd5 Nxd5 13. Qxd5 Rb8 14. 0-0 a6 15. Nd2 Bb7 16. Qd3 Nc5 17. Bxc5 dxc5 18. f3 c4 19. Qxd8 Rfxd8 20. Rad1 Rd7 21. Nb1 Rbd8 22. Rxd7 Rxd7 23. Rd1 Rd4 24. Kf1 g6 25. c3 Rxd1+ 26. Bxd1 Kg7 27. Ke2 Kh6 28. a4 Kg5 29. Kf2 Kf4 30. Na3 Bc5+ 31. Ke2 Bxa3 32. axb5 axb5 33. bxa3 Kg3 34. Ke3 Kxh3 35. f4 f6 36. g5 exf4+ 37. Kxf4 fxg5+ 38. Kxg5 Bxe4 39. a4 bxa4 40. Bxa4 Bd3 41. Bd7+ Kg3 42. Kh6 Kf4 0-1

[Event "Wasselonne op"]
[Site "Wasselonne"]
[Date "2009.08.09"]
[Round "7"]
[White "Carrillo, Jesus"]
[Black "Wimmer, Olivier"]
[Result "1/2-1/2"]
[WhiteElo "2135"]
[BlackElo "2060"]
[PlyCount "34"]
[EventDate "2009.08.06"]
[EventType "swiss"]
[EventRounds "7"]
[EventCountry "FRA"]
[SourceTitle "EXT 2011"]
[Source "ChessBase"]
[SourceDate "2010.11.26"]
[SourceVersion "1"]
[SourceVersionDate "2010.11.26"]
[SourceQuality "1"]

1. e4 d6 2. d4 Nf6 3. Nc3 Nbd7 4. Nf3 e5 5. Bc4 Be7 6. 0-0 0-0 7. Re1 c6 8. a4 a5 9. h3 Qc7 10. Ba2 Rb8 11. Nh4 Nb6 12. dxe5 dxe5 13. Qf3 g6 14. Bh6 Re8 15. g4 Be6 16. Bxe6 fxe6 17. Rad1 Nbd7 1/2-1/2

[Event "Wasselonne op"]
[Site "Wasselonne"]
[Date "2009.08.09"]
[Round "6"]
[White "Wimmer, Olivier"]
[Black "Pozuelo, Jose"]
[Result "1-0"]
[WhiteElo "2060"]
[BlackElo "2080"]
[PlyCount "49"]
[EventDate "2009.08.06"]
[EventType "swiss"]
[EventRounds "7"]
[EventCountry "FRA"]
[SourceTitle "EXT 2011"]
[Source "ChessBase"]
[SourceDate "2010.11.26"]
[SourceVersion "1"]
[SourceVersionDate "2010.11.26"]
[SourceQuality "1"]

1. d4 Nf6 2. Nf3 g6 3. g3 Bg7 4. Bg2 0-0 5. 0-0 d6 6. c4 Nbd7 7. Nc3 c6 8. e4 e5 9. h3 Re8 10. Rb1 a5 11. a3 exd4 12. Nxd4 Nc5 13. Re1 a4 14. Kh2 Nfd7 15. Be3 Nb6 16. Qe2 Ne6 17. Rbd1 Nxd4 18. Bxd4 Be6 19. c5 Bxd4 20. Rxd4 Qf6 21. Rxd6 Nc8 22. e5 Qf5 23. Rd4 Ne7 24. f4 Ra5 25. g4 1-0

[Event "Wasselonne op"]
[Site "Wasselonne"]
[Date "2009.08.07"]
[Round "3"]
[White "Peric, Slavisa"]
[Black "Wimmer, Olivier"]
[Result "1/2-1/2"]
[WhiteElo "2275"]
[BlackElo "2060"]
[PlyCount "112"]
[EventDate "2009.08.06"]
[EventType "swiss"]
[EventRounds "7"]
[EventCountry "FRA"]
[SourceTitle "EXT 2011"]
[Source "ChessBase"]
[SourceDate "2010.11.26"]
[SourceVersion "1"]
[SourceVersionDate "2010.11.26"]
[SourceQuality "1"]

1. d4 d5 2. Nf3 c6 3. c4 Nf6 4. Nbd2 Bf5 5. g3 e6 6. Nh4 Bg6 7. Bg2 Nbd7 8. Nxg6 hxg6 9. 0-0 Be7 10. b3 0-0 11. Bb2 c5 12. cxd5 Nxd5 13. e4 N5f6 14. e5 Nd5 15. Ne4 Rc8 16. Qe2 Qa5 17. a3 Qb6 18. Qd3 cxd4 19. Bxd4 Nc5 20. Bxc5 Bxc5 21. Rfd1 Rfd8 22. Nxc5 Rxc5 23. b4 Rc3 24. Qd4 Qxd4 25. Rxd4 a5 26. b5 Rc5 27. a4 Kf8 28. Rad1 Ke7 29. h4 Rdc8 30. Bxd5 Rxd5 31. Rxd5 exd5 32. Rxd5 Rc4 33. Rd6 Rxa4 34. Rb6 Rb4 35. Kg2 a4 36. f4 a3 37. Rxb7+ Ke6 38. Ra7 Rxb5 39. Rxa3 Rb7 40. Kf3 Rb6 41. Kg4 f6 42. exf6 gxf6 43. f5+ gxf5+ 44. Kf3 Kf7 45. h5 Rb1 46. Ra7+ Ke6 47. Kg2 Rb2+ 48. Kf3 Rb3+ 49. Kg2 Rb2+ 50. Kh3 Rb1 51. Rh7 f4 52. g4 Rg1 53. Ra7 f3 54. Ra2 f5 55. gxf5+ Kxf5 56. Kh2 Rg5 1/2-1/2

[Event "FRA-chT2 East 0809"]
[Site "France"]
[Date "2009.03.15"]
[Round "9.3"]
[White "Syska, Albert"]
[Black "Wimmer, Olivier"]
[Result "1-0"]
[WhiteElo "2247"]
[BlackElo "2067"]
[PlyCount "83"]
[EventDate "2008.10.19"]
[EventType "team-tourn"]
[EventRounds "11"]
[EventCountry "FRA"]
[SourceTitle "EXT 2010"]
[Source "ChessBase"]
[SourceDate "2010.11.25"]
[SourceVersion "1"]
[SourceVersionDate "2010.11.25"]
[SourceQuality "1"]
[WhiteTeam "Gambsheim"]
[BlackTeam "Obernai"]
[WhiteTeamCountry "FRA"]
[BlackTeamCountry "FRA"]

1. e4 d6 2. d4 Nf6 3. Nc3 Nbd7 4. Nf3 e5 5. Bc4 Be7 6. 0-0 0-0 7. a4 c6 8. h3 b6 9. Re1 a6 10. d5 c5 11. Bf1 Rb8 12. g3 Re8 13. Nh4 g6 14. Ng2 Nf8 15. Kh2 Qd7 16. Nh4 b5 17. axb5 axb5 18. Qf3 b4 19. Nd1 Nh5 20. Nf5 gxf5 21. Qxh5 fxe4 22. Rxe4 f5 23. Re1 Ng6 24. Bh6 Bf8 25. Ne3 Bxh6 26. Qxh6 Rf8 27. Ba6 Bb7 28. Bxb7 Rxb7 29. Ra6 f4 30. gxf4 Rxf4 31. Ra8+ Rf8 32. Rxf8+ Nxf8 33. Rg1+ Ng6 34. h4 Qf7 35. Ng4 Qe7 36. Kg3 Rb8 37. h5 Nh4 38. Nf6+ Kf7 39. Kh3 Qf8 40. Qxh7+ Kxf6 41. Kxh4 e4 42. Rg6+ 1-0

[Event "FRA-chT2 East 0708"]
[Site "France"]
[Date "2008.04.06"]
[Round "11.2"]
[White "Wimmer, Olivier"]
[Black "Kropp, Volker"]
[Result "1/2-1/2"]
[WhiteElo "2055"]
[BlackElo "2088"]
[PlyCount "43"]
[EventDate "2007.10.21"]
[EventType "team"]
[EventRounds "11"]
[EventCountry "FRA"]
[SourceTitle "EXT 2009"]
[Source "ChessBase"]
[SourceDate "2008.11.26"]
[SourceVersion "1"]
[SourceVersionDate "2008.11.26"]
[SourceQuality "1"]
[WhiteTeam "Obernai"]
[BlackTeam "Saverne"]
[WhiteTeamCountry "FRA"]
[BlackTeamCountry "FRA"]

1. d4 Nf6 2. Nf3 c5 3. c4 cxd4 4. Nxd4 b6 5. Nc3 Bb7 6. Bf4 Nc6 7. e4 Nxd4 8. Qxd4 d6 9. Bg5 Qc8 10. Be2 h6 11. Bh4 g5 12. Bg3 Bg7 13. h4 Nh5 14. Qe3 Nxg3 15. Qxg3 Be5 16. Qe3 g4 17. h5 Qc5 18. Qd3 Rg8 19. Rf1 Bxc3+ 20. bxc3 Qxh5 21. Qd4 Qc5 22. f3 1/2-1/2

[Event "FRA-chT2 East 0708"]
[Site "France"]
[Date "2008.04.05"]
[Round "10.4"]
[White "Genzling, Sylvie"]
[Black "Wimmer, Olivier"]
[Result "0-1"]
[WhiteElo "1955"]
[BlackElo "2055"]
[PlyCount "156"]
[EventDate "2007.10.21"]
[EventType "team"]
[EventRounds "11"]
[EventCountry "FRA"]
[SourceTitle "EXT 2009"]
[Source "ChessBase"]
[SourceDate "2008.11.26"]
[SourceVersion "1"]
[SourceVersionDate "2008.11.26"]
[SourceQuality "1"]
[WhiteTeam "Bischwiller II"]
[BlackTeam "Obernai"]
[WhiteTeamCountry "FRA"]
[BlackTeamCountry "FRA"]

1. e4 d6 2. d4 Nf6 3. Nc3 Nbd7 4. Nf3 e5 5. Bc4 Be7 6. 0-0 0-0 7. h3 c6 8. a4 b6 9. Re1 a6 10. Be3 Rb8 11. Bd3 Qc7 12. Ne2 c5 13. dxe5 dxe5 14. c4 Rd8 15. Qc2 Bb7 16. Ng3 g6 17. Bd2 Bc6 18. Bc3 Bd6 19. b3 Nf8 20. Qb2 N6d7 21. Nh2 Ne6 22. Ng4 Nf4 23. Bf1 h5 24. Nh2 h4 25. Nh1 Nf6 26. Nf3 Re8 27. Qc2 Qb7 28. Nd2 Rbd8 29. f3 N6h5 30. Nf2 Qe7 31. Nb1 Qg5 32. Bd2 Bc7 33. Be3 f5 34. Nc3 Ng3 35. Bxf4 exf4 36. Nd5 Be5 37. Rad1 Bd4 38. Bd3 Bxd5 39. exd5 Re3 40. Kh2 Rde8 41. Qd2 Qe7 42. Rg1 Ne2 43. Rgf1 Qg5 44. Nh1 Nc3 45. Rde1 R8e5 46. Nf2 Qe7 47. Rc1 Re2 48. Bxe2 Rxe2 49. Qd3 Re3 50. Qd2 Qg5 51. b4 Qg3+ 52. Kh1 Re2 53. Qd3 Rxf2 54. Rxf2 Qxf2 55. b5 a5 56. Rf1 Qe3 57. Qc2 Kf7 58. Kh2 Kf6 59. Kh1 Qe2 60. Qxe2 Nxe2 61. Re1 Ng3+ 62. Kh2 Be3 63. Rd1 Ke7 64. Rd3 Kd6 65. Rd1 g5 66. Rd3 Nf1+ 67. Kh1 Nd2 68. Rc3 Ke5 69. Rc2 Nf1 70. Rc3 Ng3+ 71. Kh2 Nh5 72. Rd3 Nf6 73. d6 Bd4 74. Rd2 Kxd6 75. Re2 Be3 76. Re1 Nd7 77. Rd1+ Ke6 78. Rd5 Ne5 0-1

[Event "FRA-chT2 East 0708"]
[Site "France"]
[Date "2008.01.19"]
[Round "5.2"]
[White "Wimmer, Olivier"]
[Black "Peter, Sebastien"]
[Result "0-1"]
[WhiteElo "2081"]
[BlackElo "2279"]
[PlyCount "50"]
[EventDate "2007.10.21"]
[EventType "team"]
[EventRounds "11"]
[EventCountry "FRA"]
[SourceTitle "EXT 2009"]
[Source "ChessBase"]
[SourceDate "2008.11.26"]
[SourceVersion "1"]
[SourceVersionDate "2008.11.26"]
[SourceQuality "1"]
[WhiteTeam "Obernai"]
[BlackTeam "Mundolsheim"]
[WhiteTeamCountry "FRA"]
[BlackTeamCountry "FRA"]

1. d4 b6 2. c4 Bb7 3. Nc3 e6 4. e4 Bb4 5. Bd3 f5 6. d5 fxe4 7. Bxe4 Qh4 8. Qd3 Nf6 9. Bf3 Na6 10. a3 Nc5 11. Qc2 Bxc3+ 12. Qxc3 Nfe4 13. Qc2 Nxf2 14. g3 Nfd3+ 15. Kf1 Qf6 16. Be3 0-0 17. Kg2 exd5 18. Rd1 Nxb2 19. Rxd5 Nbd3 20. Qd2 Bxd5 21. Bxd5+ Kh8 22. Nf3 c6 23. Bd4 Qe7 24. Qh6 cxd5 25. Qg5 Qe2+ 0-1

[Event "Verbandsliga Sued Baden 0708"]
[Site "Germany"]
[Date "2008.01.13"]
[Round "5.3"]
[White "Schmid, Michael1111"]
[Black "Wimmer, Olivier"]
[Result "1/2-1/2"]
[WhiteElo "2187"]
[BlackElo "2027"]
[PlyCount "119"]
[EventDate "2007.10.14"]
[EventType "team"]
[EventRounds "9"]
[EventCountry "GER"]
[SourceTitle "EXT 2009"]
[Source "ChessBase"]
[SourceDate "2008.11.26"]
[SourceVersion "1"]
[SourceVersionDate "2008.11.26"]
[SourceQuality "1"]
[WhiteTeam "Konstanz"]
[BlackTeam "Lahr"]
[WhiteTeamCountry "GER"]
[BlackTeamCountry "GER"]

1. Nf3 d6 2. g3 e5 3. d3 f5 4. e4 Nf6 5. Nc3 Be7 6. Nh4 fxe4 7. dxe4 0-0 8. Bg2 c6 9. 0-0 Be6 10. Nf5 Na6 11. h3 Bxf5 12. exf5 d5 13. g4 d4 14. Ne4 Nxe4 15. Bxe4 Nc5 16. Qe2 Nxe4 17. Qxe4 Qd5 18. Re1 Bd6 19. Bg5 a5 20. a4 Rfe8 21. Re2 Qc4 22. Kg2 b5 23. b3 Qc3 24. Rd1 bxa4 25. bxa4 Qc4 26. Rd3 Qxa4 27. f6 g6 28. f7+ Kxf7 29. Rf3+ Kg7 30. Bh6+ Kh8 31. Rf6 Qb4 32. Qxc6 Rad8 33. Rf7 Qc5 34. Qf3 Be7 35. Bg7+ Kg8 36. Bxe5 Bf8 37. Qf6 Qd5+ 38. f3 Rxe5 39. Rxf8+ Rxf8 40. Rxe5 Qc4 41. Qe6+ Qxe6 42. Rxe6 Rc8 43. Rd6 Rxc2+ 44. Kg3 Rc4 45. Kf4 a4 46. Ra6 d3+ 47. Ke3 Rd4 48. Kd2 g5 49. Ra5 h6 50. Ra7 Kh8 51. Ra8+ Kg7 52. Ra6 Kh7 53. Ra8 Kg6 54. Ra6+ Kg7 55. Ra7+ Kf6 56. Ra6+ Ke5 57. Rxh6 a3 58. Ra6 Kf4 59. Rxa3 Kxf3 60. Rxd3+ 1/2-1/2

[Event "Verbandsliga Sued Baden 0708"]
[Site "Germany"]
[Date "2007.10.28"]
[Round "2.2"]
[White "Schulz, Wladimir"]
[Black "Wimmer, Olivier"]
[Result "1-0"]
[WhiteElo "2140"]
[BlackElo "2062"]
[PlyCount "71"]
[EventDate "2007.10.14"]
[EventType "team"]
[EventRounds "9"]
[EventCountry "GER"]
[SourceTitle "EXT 2009"]
[Source "ChessBase"]
[SourceDate "2008.11.26"]
[SourceVersion "1"]
[SourceVersionDate "2008.11.26"]
[SourceQuality "1"]
[WhiteTeam "Kehl"]
[BlackTeam "Lahr"]
[WhiteTeamCountry "GER"]
[BlackTeamCountry "GER"]

1. Nf3 d5 2. d4 c6 3. c4 Nf6 4. Nc3 a6 5. b3 e6 6. Qc2 Be7 7. e4 dxe4 8. Nxe4 Nbd7 9. Bd3 Nxe4 10. Bxe4 Nf6 11. Bd3 0-0 12. 0-0 Qc7 13. c5 h6 14. Ne5 Rd8 15. Bb2 Nd5 16. Rae1 Bf6 17. Bh7+ Kf8 18. Be4 Qe7 19. f4 a5 20. a3 Nc7 21. Kh1 Bd7 22. g4 Be8 23. Qg2 Bxe5 24. dxe5 Qxc5 25. g5 hxg5 26. Qxg5 g6 27. Rf3 Kg8 28. Rh3 Qf8 29. f5 exf5 30. e6 f6 31. Bxf6 Nxe6 32. Rh8+ Kf7 33. Rxf8+ Kxf8 34. Be7+ Kg8 35. Qf6 Bf7 36. Bxf5 1-0

[Event "FRA-chT2 East 0607"]
[Site "France"]
[Date "2007.03.31"]
[Round "10.5"]
[White "Kieffer, Nicolas"]
[Black "Wimmer, Olivier"]
[Result "1-0"]
[WhiteElo "1982"]
[BlackElo "2062"]
[PlyCount "75"]
[EventDate "2006.10.15"]
[EventType "team"]
[EventRounds "11"]
[EventCountry "FRA"]
[SourceTitle "EXT 2008"]
[Source "ChessBase"]
[SourceDate "2007.11.25"]
[SourceVersion "1"]
[SourceVersionDate "2007.11.25"]
[SourceQuality "1"]
[WhiteTeam "Strasbourg II"]
[BlackTeam "Obernai"]
[WhiteTeamCountry "FRA"]
[BlackTeamCountry "FRA"]

1. e4 c6 2. d4 d5 3. Nc3 g6 4. Bd3 Bg7 5. Nge2 dxe4 6. Bxe4 Nf6 7. Bf3 0-0 8. Be3 Nd5 9. Nxd5 cxd5 10. Qd2 Nc6 11. 0-0 b6 12. c4 e6 13. cxd5 exd5 14. Rac1 Bb7 15. Bg5 Qd7 16. Bh6 Rfe8 17. Bxg7 Kxg7 18. Ng3 Rac8 19. Rc3 f6 20. Qf4 Nb4 21. Bg4 f5 22. Nxf5+ gxf5 23. Bxf5 Qf7 24. Qg4+ Kh8 25. Bxc8 Re4 26. Qd7 Qxd7 27. Bxd7 Rxd4 28. Re1 Rd2 29. Rc7 Nd3 30. Re8+ Kg7 31. g3 Nxf2 32. Rxb7 Rxb2 33. Be6+ Kh6 34. Bxd5 Nh3+ 35. Kh1 Ng5 36. a4 Nh3 37. Re6+ Kh5 38. Bf3+ 1-0

[Event "FRA-chT2 East 0607"]
[Site "France"]
[Date "2007.03.18"]
[Round "9.2"]
[White "Wimmer, Olivier"]
[Black "Ivanov, Jordan"]
[Result "0-1"]
[WhiteElo "2062"]
[BlackElo "2377"]
[PlyCount "56"]
[EventDate "2006.10.15"]
[EventType "team"]
[EventRounds "11"]
[EventCountry "FRA"]
[SourceTitle "EXT 2008"]
[Source "ChessBase"]
[SourceDate "2007.11.25"]
[SourceVersion "1"]
[SourceVersionDate "2007.11.25"]
[SourceQuality "1"]
[WhiteTeam "Obernai"]
[BlackTeam "Montrevel en Bresse"]
[WhiteTeamCountry "FRA"]
[BlackTeamCountry "FRA"]

1. d4 d5 2. Nf3 Nf6 3. g3 e6 4. Bg2 Be7 5. 0-0 0-0 6. c4 c6 7. Nc3 Nbd7 8. b3 a5 9. Bb2 b6 10. Rc1 Ba6 11. Nd2 b5 12. e4 bxc4 13. e5 Ne8 14. bxc4 Nb6 15. Na4 Nxc4 16. Nxc4 Bxc4 17. Re1 Rb8 18. Qd2 Nc7 19. Bc3 Bb4 20. Bf1 Bxc3 21. Qxc3 Rb4 22. Bxc4 dxc4 23. Nc5 Nb5 24. Qf3 Nxd4 25. Qg4 Qd5 26. Ne4 Qxe5 27. Nc3 Qf6 28. Re4 c5 0-1

[Event "FRA-chT2 East 0607"]
[Site "France"]
[Date "2007.03.17"]
[Round "8.1"]
[White "Couttet, Jean Marie"]
[Black "Wimmer, Olivier"]
[Result "0-1"]
[WhiteElo "2135"]
[BlackElo "2062"]
[PlyCount "116"]
[EventDate "2006.10.15"]
[EventType "team"]
[EventRounds "11"]
[EventCountry "FRA"]
[SourceTitle "EXT 2008"]
[Source "ChessBase"]
[SourceDate "2007.11.25"]
[SourceVersion "1"]
[SourceVersionDate "2007.11.25"]
[SourceQuality "1"]
[WhiteTeam "Cluses Saint Jeoire"]
[BlackTeam "Obernai"]
[WhiteTeamCountry "FRA"]
[BlackTeamCountry "FRA"]

1. e4 c6 2. d4 d5 3. exd5 cxd5 4. Bd3 Nc6 5. c3 Nf6 6. Bf4 e6 7. Nf3 Be7 8. h3 Bd7 9. Nbd2 a6 10. a4 Rc8 11. 0-0 0-0 12. Re1 Qb6 13. Ra2 Rfe8 14. Ne5 g6 15. g4 Qd8 16. Bg3 Rf8 17. f4 Ne8 18. Qe2 Bf6 19. Rf1 Nxe5 20. dxe5 Bg7 21. Nf3 f6 22. Raa1 Nc7 23. Bh4 Qe8 24. b3 b5 25. a5 Qe7 26. Nd4 Qc5 27. Rac1 fxe5 28. fxe5 Rxf1+ 29. Kxf1 b4 30. Nf3 bxc3 31. Be1 Nb5 32. Kg2 Qb4 33. Qc2 Qxa5 34. Bg3 Qb4 35. Ra1 Rf8 36. Bf2 Qf4 37. Qe2 Ra8 38. Bc5 Bc6 39. Bxb5 Bxb5 40. Qxb5 axb5 41. Rxa8+ Kf7 42. Ra7+ Ke8 43. Nd4 Qe4+ 44. Kf2 Bxe5 45. Re7+ Kf8 46. Nxe6+ Kg8 47. Re8+ Kf7 48. Ng5+ Kxe8 49. Nxe4 dxe4 50. Ke3 Bf6 51. Kxe4 c2 52. Be3 Bb2 53. Kd5 c1Q 54. Bxc1 Bxc1 55. Kc5 Kf7 56. Kxb5 Kf6 57. h4 Ke5 58. h5 Kf4 0-1

[Event "FRA-chT2 East 0607"]
[Site "France"]
[Date "2007.02.11"]
[Round "7.2"]
[White "Wegerle, Joerg"]
[Black "Wimmer, Olivier"]
[Result "1-0"]
[WhiteElo "2418"]
[BlackElo "2062"]
[PlyCount "101"]
[EventDate "2006.10.15"]
[EventType "team"]
[EventRounds "11"]
[EventCountry "FRA"]
[SourceTitle "EXT 2008"]
[Source "ChessBase"]
[SourceDate "2007.11.25"]
[SourceVersion "1"]
[SourceVersionDate "2007.11.25"]
[SourceQuality "1"]
[WhiteTeam "Selestat"]
[BlackTeam "Obernai"]
[WhiteTeamCountry "FRA"]
[BlackTeamCountry "FRA"]

1. e4 c6 2. Nf3 d5 3. exd5 cxd5 4. Ne5 Nc6 5. d4 Nf6 6. c3 g6 7. Bb5 Bd7 8. Nxd7 Qxd7 9. 0-0 Bg7 10. Bf4 0-0 11. h3 Rac8 12. Nd2 a6 13. Bd3 e6 14. Nb3 Ra8 15. a4 Ne4 16. Qe2 Nf6 17. Qc2 b6 18. Qe2 Qb7 19. a5 b5 20. Rfe1 Nd7 21. Bd6 Rfe8 22. Qf3 Qc8 23. h4 Qd8 24. Bg3 h5 25. Qf4 b4 26. Qd6 Qc8 27. Re3 bxc3 28. bxc3 Bf8 29. Qf4 e5 30. dxe5 Ndxe5 31. Bf1 Bd6 32. Qa4 Qc7 33. Nd4 Rec8 34. Nxc6 Nxc6 35. Qa2 Bxg3 36. Rxg3 Rd8 37. Rg5 Ne5 38. Rd1 Ng4 39. g3 Ne5 40. Bg2 f6 41. Rxd5 Qf7 42. Qd2 Nc6 43. Rxd8+ Rxd8 44. Rd5 Qe7 45. Qd3 Kg7 46. Qxa6 Qe5 47. Qf1 Qxc3 48. Rxd8 Nxd8 49. a6 Qa5 50. Qd1 Nf7 51. Qd7 1-0